Marki samochodów według krajów - Statystyki

Ogólne statystyki
  • Ten quiz został rozwiązany 601 razy
    592 od ostatniego zresetowania
  • Średni wynik to 22 z 33
Statystyki odpowiedzi
Kraj pochodzenia Marka % Poprawnych
Niemcy Audi
91%
Niemcy BMW
88%
Japonia Toyota
82%
Niemcy Mercedes
81%
Niemcy Volkswagen
81%
Włochy Fiat
80%
USA Ford
80%
Czechy Skoda
80%
Japonia Honda
78%
Włochy Ferrari
77%
Francja Peugeot
75%
Niemcy Opel
73%
Szwecja Volvo
73%
Korea Południowa Hyundai
72%
Hiszpania Seat
71%
Francja Citroen
70%
Włochy Lamborghini
70%
Francja Renault
69%
Rumunia Dacia
68%
Niemcy Porsche
66%
Korea Południowa KIA
65%
Japonia Nissan
65%
USA Chevrolet
61%
Japonia Mazda
59%
Japonia Suzuki
57%
USA Dodge
55%
Japonia Mitsubishi
53%
Włochy Alfa Romeo
51%
Japonia Subaru
48%
Szwecja Saab
46%
Wielka Brytania Jaguar
41%
USA Jeep
28%
USA Chrysler
24%
Nie znaleziono quizów pasujących do podanych kryteriów
Rozkład punktacji
Procent ludzi z każdym wynikiem
Percentyl według liczby udzielonych odpowiedzi
Twoja historia wyników
Nie rozwiązałeś tego quizu od ostatniego zresetowania